| 000 | 01616nam a2200325 c 4500 | ||
|---|---|---|---|
| 003 | BLK | ||
| 005 | 20191001143350.0 | ||
| 008 | 180408b bul|||||r ||||||| ||bul|| | ||
| 010 | _aKNG00070176000 | ||
| 020 |
_a954-649-233-7 _bиздат.: Сиела Софт енд Паблишинг |
||
| 040 | _aBLK | ||
| 041 |
_aBUL _cBUL |
||
| 080 |
_aНаследствени болести. Наследствени пороци. Наследствено предрасположение. - Предаване на болестите от родителите, болести втора генерация, фамилни болести;злополуки, емоции на майката по време на бре _b616-056.7 _x(075.8) _z616-056.7(075.8) |
||
| 700 | 1 |
_aТончева, Драга _eпод ред. на _9268733 |
|
| 700 | 1 |
_aЛалчев, Стоян _eпод ред. на _9292675 |
|
| 139 |
_aМедицинска генетика _bМ 45 |
||
| 245 | 1 | 0 |
_aМедицинска генетика _bУчебник за студенти по медицина и биология и за специализиращи лекари _cпод ред. на Драга Тончева; под ред. на Стоян Лалчев. |
| 257 | _aBGR | ||
| 260 |
_аСофия _bСиела Софт енд Паблишинг _c1999 |
||
| 300 |
_a470 с. _c23 см |
||
| 380 | _a61 | ||
| 650 | 4 |
_aГенетика _9151765 |
|
| 653 | _aгенетика | ||
| 653 | _aмедицина | ||
| 852 | _aЦб 230533 | ||
| 856 | 4 |
_qpdf _u |
|
| 856 | 4 |
_qpdf _u |
|
| 942 |
_cKNG _n0 _01 |
||
| 944 |
_aCR _c20.12.2006 _kКети_Илиева |
||
| 944 |
_aED _c25.01.2013 _k |
||
| 999 |
_c65894 _d65894 |
||